Annual report university development cooperation 1999

Uloženo v:
Podrobná bibliografie
Hlavní autor: VRIJE Universiteit Amstermdam
Médium: Kniha
Jazyk:Undetermined
Vydáno: Amsterdam VRIJE Universiteit Amstermdam 1999
Témata:
Tagy: Přidat tag
Žádné tagy, Buďte první, kdo otaguje tento záznam!
Thư viện lưu trữ: Trung tâm Học liệu Trường Đại học Cần Thơ
LEADER 00591nam a2200181Ia 4500
001 CTU_44188
008 210402s9999 xx 000 0 und d
082 |a 378 
082 |b A528/1999 
100 |a VRIJE Universiteit Amstermdam 
245 0 |a Annual report university development cooperation 1999 
245 0 |c VRIJE Universiteit Amstermdam 
260 |a Amsterdam 
260 |b VRIJE Universiteit Amstermdam 
260 |c 1999 
650 |a universities and colleges - netherland 
904 |i Nguyễn Quang Điền, 010911 
980 |a Trung tâm Học liệu Trường Đại học Cần Thơ